000 00577nam a2200193 4500
001 109440
003 ES-MaACL
007 t|
008 061121s1984 sp r ||||1| spa d
100 1 _aMujica Láinez, Manuel.
_984091
245 1 3 _aUn novelista en el Museo del Prado /
_cManuel Mújica Laínez.
250 _a1ª. ed.
260 _aBarcelona :
_bSeix Barral,
_c1984.
300 _a151 p. ;
_c20 cm.
490 1 _aBiblioteca breve ;
_v643
830 0 _aBiblioteca breve (Seix Barral)
_v643
_9227188
852 _aES-MaACL
_jL-7891
_bR.106979
999 _c109440
_d109440